Score 0/30 Timer 03:00
0 Plays Today
Clue 4-Letter Word % Correct
'I Want to ___ Your Hand'HOLD
98%
Element with the symbol AuGOLD
94.6%
One of 18 on a golf courseHOLE
93.2%
[Rung 1] Riddance ([Rung 8] of [Rung 21] [Rung 30])GOOD
91.3%
1,760 yardsMILE
89.8%
New __ CityYORK
89.3%
A silent performance artistMIME
89.2%
'Truth or ___'DARE
88.1%
Go from solid to liquidMELT
87.8%
A storyTALE
87.6%
[Rung 1] Riddance ([Rung 8] of [Rung 21] [Rung 30])TIME
87.2%
Not lightDARK
86.6%
Green lemonlike fruitLIME
86.2%
Ten cent coinDIME
86.1%
EncounterMEET
84.6%
Clue 4-Letter Word % Correct
Well-behaved like a pet or zoo animalTAME
84.3%
Nathan the American patriotHALE
82.9%
They are inside shoesFEET
82.3%
Relative of a dweeb or nerdDORK
82.1%
A knighted womanDAME
82.1%
Writer of haikuPOET
79.4%
Cindy Crawford's facial quirkMOLE
79.2%
Shed one's skinMOLT
77.2%
Get a beer from a tapPOUR
77.1%
Make a sad facePOUT
76%
[Rung 1] Riddance ([Rung 8] of [Rung 21] [Rung 30])YOUR
74.3%
WorryFRET
72.1%
[Rung 1] Riddance ([Rung 8] of [Rung 21] [Rung 30])LIFE
70.4%
___ à porter: ready to wearPRET
67.5%
Nickname of former Red Sox player KevinYOUK
65.5%

Today's Daily Dose

Quick Pick
Colorful Movies

Get the Picture
Dog Breeds II

Remove Ads.
Support Sporcle.
Get the best of Sporcle when you Go Orange. This ad-free experience offers more features, more stats, and more fun while also helping to support Sporcle. Thank you for becoming a member.

You're not logged in!

Compare scores with friends on all Sporcle quizzes.
OR
Log In

Show Comments

Extras

Top Quizzes Today


Score Distribution

Your Account Isn't Verified!

In order to create a playlist on Sporcle, you need to verify the email address you used during registration. Go to your Sporcle Settings to finish the process.

Report this User

Report this user for behavior that violates our Community Guidelines.

Details: